| 000 | 01612nam a2200217Ia 4500 | ||
|---|---|---|---|
| 008 | 220216s9999 xx 000 0 und d | ||
| 100 | _aThitithammawong A | ||
| 245 | 4 | _aThe effects of chlorination and epoxidation on mooney viscosity, curing characteristics and vulcanisate properties of silica filled chlorinated epoxidised natural rubber | |
| 260 |
_bJournal of Rubber Research _c2015 |
||
| 300 | _a16-Jan | ||
| 500 | _aSource Year: 2015 | ||
| 520 | _aChlorinated epoxidised natural rubber (CENR) was compared to natural rubber (NR) and epoxidised natural rubber (ENR) in terms of compound and vulcanisate properties. Replacing double bonds in isoprene units by epoxidised groups and addition of chlorines affect regularity of the NR molecules. Reduction in the active unsaturated sites that can react with soluble sulphurating agent, the alteration of regularity relative to NR, together with the strong interchain interactions occurred between polar functional groups and their interactions with silica increase Mooney viscosity and decrease curing rates of ENR and CENR. They also have significant effects on mechanical, dynamic rheological and thermal properties as well as flammability of the rubber vulcanisates. THe CENR has slightly inferior mechanical and dynamic rheological properties but superior thermal stability and flammability, in comparison to ENR and NR. | ||
| 650 | _aChlorinated epoxidised natural rubber | ||
| 650 | _aComposite | ||
| 650 | _aModification | ||
| 650 | _aSilica | ||
| 650 | _aVulcanisate properties | ||
| 700 | _aKasoe R | ||
| 700 | _aNakason C | ||
| 942 | _cJS | ||
| 999 |
_c70659 _d70659 |
||